Innovation in marketing : New perspectives for profit and growth
Gespeichert in:
| 1. Verfasser: | |
|---|---|
| Format: | Buch |
| Sprache: | Undetermined |
| Veröffentlicht: |
New York
McGraw-Hill Book Company, Inc.
1962
|
| Schlagworte: | |
| Tags: |
Tag hinzufügen
Keine Tags, Fügen Sie den ersten Tag hinzu!
|
| Thư viện lưu trữ: | Trung tâm Học liệu Trường Đại học Cần Thơ |
|---|
| LEADER | 00571nam a2200193Ia 4500 | ||
|---|---|---|---|
| 001 | CTU_79106 | ||
| 008 | 210402s9999 xx 000 0 und d | ||
| 082 | |a 658.8 | ||
| 082 | |b L666 | ||
| 100 | |a Levitt, Theodore | ||
| 245 | 0 | |a Innovation in marketing : | |
| 245 | 0 | |b New perspectives for profit and growth | |
| 245 | 0 | |c Theodore Levitt | |
| 260 | |a New York | ||
| 260 | |b McGraw-Hill Book Company, Inc. | ||
| 260 | |c 1962 | ||
| 650 | |a Marketing,Technological innovations | ||
| 650 | |x Management,Marketing | ||
| 980 | |a Trung tâm Học liệu Trường Đại học Cần Thơ | ||